Statistiques concernant Quiz Voiture: trouvez la marque en fonction de la voiture #7

Cliquez ici pour prendre le quiz!

Statistiques générales

  • Ce quiz a été pris 140 fois
    (137 depuis la dernière actualisation)
  • Le résultat moyen est 4 sur 16

Statistiques - réponses

Réponse% Correct
Corvette
91%
Mansory
70%
Maybach
55%
Talbot
34%
Lykan
32%
Ariel
31%
Hennessey
24%
Gumpert
16%
American Motors
10%
Mercury
10%
Microcar
10%
Geely
5%
Matra
5%
Eagle
3%
Venturi
3%
Daimler
0%

Distribution des résultats

Percentile par nombre de réponses

% des personnes avec chaque résultat

Votre développement - résultats

Vous n’avez pas pris ce quiz depuis la dernière actualisation